| 000 | 01354nam a2200361Ia 4500 | ||
|---|---|---|---|
| 001 | Z_6647 | ||
| 003 | CHAP | ||
| 005 | 20230703184135.0 | ||
| 008 | 220113s2014 xx 000 0 und d | ||
| 010 | _a169919 | ||
| 040 | _cCHAP | ||
| 090 | _aTesis C36 2354 | ||
| 100 |
_aCamacho Hernández, Victor Rodolfo _9126904 |
||
| 245 |
_aComposición nutricional de la dieta de invierno de la codorniz moctezuma (Cyrtonyx montezumae) en Tlaxco, Tlaxcala, México / _cVictor Rodolfo Camacho Hernández |
||
| 260 |
_aMéxico : _bEl autor, _c2014 |
||
| 300 | _a49 p. | ||
| 502 | _aTesis (Ingeniero Agrónomo Especialista en Zootecnia) -- UACh, 2014 \ Dirección: López Pérez, Elvia; asesoría: Jorge Luis Castrellón Montelongo y Carlos Guillermo Germán Alarcón | ||
| 650 |
_aAves silvestres _9145472 |
||
| 650 |
_aAvicultura _98703 |
||
| 650 |
_aComposición Botánica _9127485 |
||
| 650 |
_aConservación _9144506 |
||
| 650 |
_aNutricion _982246 |
||
| 650 |
_aOxalis _984444 |
||
| 700 |
_a Castrellón Montelongo, Jorge Luis, asesor _9143503 |
||
| 700 |
_a Germán Alarcón, Carlos Guillermo, asesor _9143067 |
||
| 700 |
_aLópez Pérez, Elvia, director _9144494 |
||
| 856 | 4 | 2 |
_uhttp://10.13.5.2/tesis/sist109653.pdf _yDescargar PDF |
| 901 | _aTESIS C36 2354 | ||
| 902 | _aM | ||
| 910 | _a2014 | ||
| 942 |
_c2 _2ddc |
||
| 942 |
_c2 _2ddc |
||
| 999 |
_c169919 _d169919 |
||